000 00666nam a2200193 i 4500
001 81021
003 ES-MaACL
005 20260318063016.0
007 t|
008 041102s1970 bl ||||1| por d
100 1 _aHoffmann, Ernst T. A.
_d1776-1822
_9242917
245 1 2 _aA Biblia do jovem /
_cF. Hoffmann ; texto de F. Fuenterrabía ; ilustraçoes de Eric de Saussurre.
260 _aJuiz de Fora (Brasil) :
_bLas Catolico,
_c[1970]
300 _a280 p., 2 lám. :
_bil. ;
_c23 cm.
700 0 _aFelipe de Fuenterrabía,
_d1919-2003
_9150919
700 1 _aSaussurre, Eric de.
_9104019
852 _aES-MaACL
_jC-46128
_bR.75182
999 _c81021
_d81021